| 000 | 00821nam a2200241 i 4500 | ||
|---|---|---|---|
| 001 | 141020 | ||
| 003 | ES-MaACL | ||
| 005 | 20250809070333.0 | ||
| 007 | t| | ||
| 008 | 070919s1994 fr ||||1| fre d | ||
| 020 | _a2-253-14000-7 | ||
| 100 | 1 |
_aWalter, Henriette. _9139333 |
|
| 245 | 1 | 2 |
_aL'aventure des langues en occident _b: leur origine, leur histoire, leur géographie / _cHenriette Walter ; préface d'André Martinet. |
| 260 |
_aParis : _bRobert Laffont, _c[1994] |
||
| 300 |
_a595 p. : _bil. ; _c18 cm. |
||
| 490 | 1 |
_aLe Livre de poche ; _v13 |
|
| 500 | _aBiblioteca Jacinto Martínez Lacalle. | ||
| 651 | 4 |
_aEuropa- _xLenguas- _vHistoria. _98619 |
|
| 700 | 1 |
_aMartinet, André. _977704 |
|
| 830 | 0 | 3 |
_aLe livre de poche _v13 _9179656 |
| 852 |
_aES-MaACL _jE-12156 _bR.140061 |
||
| 999 |
_c141020 _d141020 |
||